000 01234cam a2200301Ia 4500
001 CRC000E9074PDF
003 BD-DhSAU
005 20151012144301.0
006 m|||||o||d||||||||
007 cr||||
008 070228s2008 flua sb 001 0 eng d
020 _a9781420008456 (ebook : PDF)
040 _aBD-DhSAU
_cBD-DhSAU
090 _aRA761
_b.D587 2008
092 _a614.48
_bD611
245 0 0 _aDisinfection and decontamination
_h[electronic resource] :
_bprinciples, applications and related issues /
_cedited by Gurusamy Manivannan.
260 _aBoca Raton :
_bCRC Press/Taylor & Francis Group,
_cc2008.
300 _axiii, 496 p., :
_bill. (some col.).
504 _aIncludes bibliographical references and index.
530 _aAlso available in print edition.
_bCRC Press (http://www.crcpress.com)
538 _aMode of access: World Wide Web.
650 0 _aDisinfection and disinfectants.
650 0 _aMicrobial contamination
_xPrevention.
655 7 _aElectronic books.
_2lcsh
700 1 _aManivannan, Gurusamy,
_d1960-
776 1 _z9780849390746
856 4 0 _uhttp://marc.crcnetbase.com/isbn/9781420008456
_qapplication/PDF
999 _c11271
_d11270